[Event "Chigorin Memorial 23rd"]
[Site "St Petersburg"]
[Date "2015.10.11"]
[Round "9"]
[White "Purtov, Konstantin"]
[Black "Gubajdullin, Alexey"]
[Result "0-1"]
[WhiteElo "2199"]
[BlackElo "2359"]
[PlyCount "56"]
[EventDate "2015.10.03"]
[EventType "swiss"]
[EventRounds "9"]
[EventCountry "RUS"]
[SourceTitle "CBM 168 Extra"]
[Source "ChessBase"]
[SourceDate "2015.10.29"]
[SourceVersion "1"]
[SourceVersionDate "2015.10.29"]
[SourceQuality "1"]

1. e4 c5 2. Ne2 g6 3. c3 Bg7 4. d4 cxd4 5. cxd4 d5 6. e5 Nc6 7. Nbc3 Nh6 8. Nf4 Nf5 9. Be3 e6 10. Bb5 0-0 11. 0-0 f6 12. exf6 Qxf6 13. Bxc6 bxc6 14. Nce2 c5 15. dxc5 d4 16. Bd2 e5 17. Qb3+ Kh8 18. Nd5 Qf7 19. Nb4 Be6 20. Qa3 Bc4 21. Rfe1 a5 22. Nc6 Bd5 23. Nxa5 Bxg2 24. Kxg2 Nh4+ 25. Kh3 Qxf2 26. Ng3 Qg2+ 27. Kg4 h5+ 28. Kg5 Rf5+ 0-1

[Event "Chigorin Memorial 23rd"]
[Site "St Petersburg"]
[Date "2015.10.10"]
[Round "8"]
[White "Atabayev, Yusup"]
[Black "Purtov, Konstantin"]
[Result "1/2-1/2"]
[WhiteElo "2428"]
[BlackElo "2199"]
[PlyCount "84"]
[EventDate "2015.10.03"]
[EventType "swiss"]
[EventRounds "9"]
[EventCountry "RUS"]
[SourceTitle "CBM 168 Extra"]
[Source "ChessBase"]
[SourceDate "2015.10.29"]
[SourceVersion "1"]
[SourceVersionDate "2015.10.29"]
[SourceQuality "1"]

1. e4 e5 2. Nc3 Nf6 3. g3 Nc6 4. Bg2 Bc5 5. d3 d6 6. Na4 0-0 7. Nxc5 dxc5 8. h3 Be6 9. b3 Nd7 10. Nf3 f6 11. 0-0 a5 12. a4 Ndb8 13. Be3 Na6 14. Nd2 Qd7 15. Kh2 b6 16. Nc4 Rad8 17. f4 Nab4 18. fxe5 fxe5 19. Rxf8+ Rxf8 20. c3 Na6 21. Ra2 Nab8 22. Rd2 Qe7 23. Qh5 Nd7 24. Bg5 Nf6 25. Qd1 h6 26. Be3 Rd8 27. g4 Nh7 28. Qe1 Nf8 29. Qg3 Bxc4 30. dxc4 Rxd2 31. Bxd2 Qd6 32. Qf2 Ne6 33. Be3 Nf4 34. Qd2 Qxd2 35. Bxd2 g5 36. Bf1 Kg7 37. Kg3 Kf6 38. Kf3 Ke6 39. Be1 Nb8 40. h4 Nd7 41. h5 Nf6 42. Bd2 Kd6 1/2-1/2

[Event "Chigorin Memorial 23rd"]
[Site "St Petersburg"]
[Date "2015.10.07"]
[Round "5"]
[White "Purtov, Konstantin"]
[Black "Martynyuk, Elizaveta"]
[Result "1-0"]
[WhiteElo "2199"]
[BlackElo "2031"]
[PlyCount "67"]
[EventDate "2015.10.03"]
[EventType "swiss"]
[EventRounds "9"]
[EventCountry "RUS"]
[SourceTitle "CBM 168 Extra"]
[Source "ChessBase"]
[SourceDate "2015.10.29"]
[SourceVersion "1"]
[SourceVersionDate "2015.10.29"]
[SourceQuality "1"]

1. d4 d5 2. Nc3 Nf6 3. Bf4 Bf5 4. e3 a6 5. f3 e6 6. g4 Bg6 7. h4 h5 8. g5 Nfd7 9. Bd3 Bxd3 10. Qxd3 g6 11. e4 dxe4 12. Qxe4 Nc6 13. 0-0-0 Bd6 14. d5 Bxf4+ 15. Qxf4 e5 16. dxc6 exf4 17. cxd7+ Kf8 18. Nh3 Kg7 19. Rhe1 c6 20. Ne4 Qa5 21. Kb1 Rhd8 22. Nf6 b5 23. Nxf4 Qb4 24. Re4 Qc5 25. Nd3 Qf5 26. Ne5 Qe6 27. f4 Rac8 28. Red4 Rc7 29. Rd6 Qf5 30. Ne8+ Kh7 31. Nxc7 Qxf4 32. Nxc6 Rf8 33. Ne8 Qxh4 34. d8Q 1-0

[Event "Chigorin Memorial 23rd"]
[Site "St Petersburg"]
[Date "2015.10.06"]
[Round "4"]
[White "Eraschenkov, Denis"]
[Black "Purtov, Konstantin"]
[Result "1-0"]
[WhiteElo "2402"]
[BlackElo "2199"]
[PlyCount "63"]
[EventDate "2015.10.03"]
[EventType "swiss"]
[EventRounds "9"]
[EventCountry "RUS"]
[SourceTitle "CBM 168 Extra"]
[Source "ChessBase"]
[SourceDate "2015.10.29"]
[SourceVersion "1"]
[SourceVersionDate "2015.10.29"]
[SourceQuality "1"]

1. e4 e5 2. Nf3 Nc6 3. Bb5 a6 4. Ba4 Nf6 5. 0-0 Be7 6. Re1 b5 7. Bb3 d6 8. c3 0-0 9. h3 Bb7 10. d4 Nd7 11. Nbd2 Bf6 12. Nf1 Na5 13. Bc2 Nc4 14. b3 Ncb6 15. Ne3 Re8 16. d5 Nf8 17. Nh2 Ng6 18. g3 c6 19. dxc6 Bxc6 20. Nhg4 Be7 21. h4 h5 22. Nh2 d5 23. Qxh5 dxe4 24. Nhg4 Rc8 25. Rd1 Qc7 26. Nf5 Nd5 27. Bg5 Nxc3 28. Bxe7 Rxe7 29. Nf6+ Kf8 30. Qh7 gxf6 31. Qg7+ Ke8 32. Qg8+ 1-0

[Event "Khanty-Mansiysk Governor Cup-B 9th"]
[Site "Khanty-Mansiysk"]
[Date "2013.12.04"]
[Round "7"]
[White "Gorbatov, Alexej"]
[Black "Purtov, Konstantin"]
[Result "1/2-1/2"]
[WhiteElo "2360"]
[BlackElo "2191"]
[PlyCount "45"]
[EventDate "2013.11.28"]
[EventType "swiss"]
[EventRounds "9"]
[EventCountry "RUS"]
[SourceTitle "CBM 157 Extra"]
[Source "ChessBase"]
[SourceDate "2013.12.19"]
[SourceVersion "1"]
[SourceVersionDate "2013.12.19"]
[SourceQuality "1"]

1. Nf3 Nf6 2. c4 c5 3. d4 d5 4. cxd5 cxd4 5. Qxd4 Qxd5 6. Nc3 Qxd4 7. Nxd4 a6 8. g3 e5 9. Nb3 Nc6 10. Bg2 Be6 11. 0-0 Bb4 12. Bg5 Rb8 13. Bxf6 gxf6 14. Nd5 Bxd5 15. Bxd5 Na5 16. Nc1 Ke7 17. Nd3 Bd6 18. Rac1 Rhc8 19. Be4 h6 20. Bd5 Rxc1 21. Rxc1 Nc6 22. e3 Nd8 23. f4 1/2-1/2

[Event "Khanty-Mansiysk Governor Cup-B 8th"]
[Site "Khanty-Mansiysk"]
[Date "2012.11.18"]
[Round "4"]
[White "Chigaeva, Anastasia"]
[Black "Purtov, Konstantin"]
[Result "1/2-1/2"]
[WhiteElo "2103"]
[BlackElo "2172"]
[PlyCount "81"]
[EventDate "2012.11.15"]
[EventType "swiss"]
[EventRounds "9"]
[EventCountry "RUS"]
[SourceTitle "CBM 151 Extra"]
[Source "ChessBase"]
[SourceDate "2012.12.18"]
[SourceVersion "1"]
[SourceVersionDate "2012.12.18"]
[SourceQuality "1"]

1. e4 d6 2. d4 Nf6 3. Nc3 Nbd7 4. Nge2 e5 5. g3 g6 6. Bg2 Bg7 7. 0-0 0-0 8. h3 c6 9. a4 a5 10. Be3 Re8 11. g4 exd4 12. Bxd4 Nf8 13. Ng3 Ne6 14. Be3 Qe7 15. f4 Nd7 16. Qd2 Nec5 17. Rfe1 Nb6 18. b3 Be6 19. f5 Be5 20. Bf4 Bxb3 21. Bxe5 Qxe5 22. f6 Bc4 23. Nf5 Qxf6 24. Qxd6 Qxc3 25. Nh6+ Kg7 26. Qxc5 Kxh6 27. Qxb6 Ba6 28. Qf2 Kg7 29. Rad1 Rad8 30. g5 Qe5 31. h4 Rd6 32. Rxd6 Qxd6 33. Bf3 f6 34. Rd1 Qe5 35. Rd7+ Kg8 36. Bg2 Rf8 37. Qd2 fxg5 38. hxg5 Qc5+ 39. Kh1 b6 40. Rd8 Bc4 41. Rxf8+ 1/2-1/2

[Event "Izhevsk Corporation Cup-A 4th"]
[Site "Izhevsk"]
[Date "2012.07.15"]
[Round "1"]
[White "Kabanov, Nikolai"]
[Black "Purtov, Konstantin"]
[Result "1-0"]
[WhiteElo "2496"]
[BlackElo "2142"]
[PlyCount "73"]
[EventDate "2012.07.15"]
[EventType "swiss"]
[EventRounds "9"]
[EventCountry "RUS"]
[SourceTitle "EXT 2013"]
[Source "ChessBase"]
[SourceDate "2012.11.22"]
[SourceVersion "1"]
[SourceVersionDate "2012.11.22"]
[SourceQuality "1"]

1. c4 c5 2. Nf3 Nc6 3. d4 cxd4 4. Nxd4 g6 5. e4 Bg7 6. Nc2 Nf6 7. Nc3 d6 8. Be2 0-0 9. 0-0 a5 10. Be3 Bd7 11. f3 Rc8 12. Qd2 Ne5 13. b3 Bc6 14. Rfd1 Ned7 15. Rac1 b6 16. Nd4 Bb7 17. a3 Nc5 18. Rb1 Ba6 19. Rdc1 Ncd7 20. Nd5 Ne5 21. Kh1 e6 22. Nc3 Bb7 23. Ndb5 d5 24. f4 Nc6 25. cxd5 exd5 26. e5 d4 27. Nxd4 Nxd4 28. Qxd4 Nd7 29. b4 axb4 30. axb4 Qe7 31. Nd5 Qe6 32. Bf3 Bxe5 33. fxe5 Nxe5 34. Nf6+ Qxf6 35. Bxb7 Rcd8 36. Qf4 Qe7 37. Ba6 1-0

[Event "Urals-ch"]
[Site "Satka"]
[Date "2012.03.29"]
[Round "6"]
[White "Vaseptsov, Maxim"]
[Black "Purtov, Konstantin"]
[Result "1/2-1/2"]
[WhiteElo "2190"]
[BlackElo "2070"]
[PlyCount "83"]
[EventDate "2012.03.24"]
[EventType "swiss"]
[EventRounds "9"]
[EventCountry "RUS"]
[SourceTitle "CBM 147 Extra"]
[Source "ChessBase"]
[SourceDate "2012.04.24"]
[SourceVersion "1"]
[SourceVersionDate "2012.04.24"]
[SourceQuality "1"]

1. e4 e5 2. Nf3 Nc6 3. Bb5 Nf6 4. 0-0 Nxe4 5. d4 Nd6 6. Bg5 Be7 7. Bxe7 Qxe7 8. Bxc6 dxc6 9. dxe5 Nf5 10. Nc3 0-0 11. Qd3 Be6 12. Qe4 Rad8 13. Rad1 Rxd1 14. Rxd1 Rd8 15. Rd3 Rxd3 16. Qxd3 Qd7 17. Qxd7 Bxd7 18. Kf1 Ne7 19. Ke2 Ng6 20. Ke3 f6 21. h3 Kf7 22. Ke4 c5 23. exf6 Bc6+ 24. Ke3 gxf6 25. g4 b6 26. Ne1 h6 27. Nd3 Bg2 28. f3 Bxh3 29. Nb5 f5 30. Nf2 fxg4 31. fxg4 Bg2 32. Nxa7 Bd5 33. b3 Be6 34. Nb5 c6 35. Nc3 Ne7 36. Kf4 Nd5+ 37. Nxd5 cxd5 38. Ke5 Ke7 39. c3 b5 40. a3 d4 41. cxd4 cxd4 42. Kxd4 1/2-1/2

[Event "Urals-ch"]
[Site "Satka"]
[Date "2012.03.26"]
[Round "3"]
[White "Purtov, Konstantin"]
[Black "Polschikov, Alexey"]
[Result "0-1"]
[WhiteElo "2070"]
[BlackElo "2385"]
[PlyCount "118"]
[EventDate "2012.03.24"]
[EventType "swiss"]
[EventRounds "9"]
[EventCountry "RUS"]
[SourceTitle "CBM 147 Extra"]
[Source "ChessBase"]
[SourceDate "2012.04.24"]
[SourceVersion "1"]
[SourceVersionDate "2012.04.24"]
[SourceQuality "1"]

1. e4 d6 2. d4 Nf6 3. f3 e5 4. dxe5 dxe5 5. Qxd8+ Kxd8 6. Bc4 Ke8 7. a4 a5 8. Na3 Bc5 9. c3 Ke7 10. h4 Nbd7 11. Nh3 Ne8 12. Nf2 Nd6 13. b3 f6 14. Bd3 Rd8 15. Bc2 Bb6 16. Nd3 c6 17. Ke2 Nb8 18. Be3 Bxe3 19. Kxe3 Be6 20. Rhb1 Nd7 21. g3 Bf7 22. f4 h5 23. Rg1 Bg6 24. f5 Bf7 25. g4 hxg4 26. Rxg4 Rg8 27. Rag1 Ne8 28. Rb1 Kd6 29. Nb2 Kc7 30. Nbc4 Nc5 31. Rd1 Bh5 32. Rdg1 Bxg4 33. Rxg4 b6 34. Nb2 Rd8 35. b4 Nb7 36. Bb3 Rf8 37. b5 Nc5 38. Ba2 Rd7 39. bxc6 Kxc6 40. Bd5+ Rxd5 41. exd5+ Kxd5 42. Nac4 Kc6 43. Nd3 Nb7 44. Rg1 Nbd6 45. Nxd6 Nxd6 46. h5 Nxf5+ 47. Kf3 Rh8 48. Kg4 Nd6 49. Nf2 e4 50. Nh3 Re8 51. Nf4 Re5 52. Kh3 Rf5 53. Rg4 Nf7 54. Kg3 Ng5 55. Kg2 b5 56. axb5+ Rxb5 57. Ne2 Rb7 58. Kf1 a4 59. Nd4+ Kc5 0-1

[Event "Voronezh op-B 14th"]
[Site "Voronezh"]
[Date "2010.06.21"]
[Round "9"]
[White "Bezgodova, Svetlana"]
[Black "Purtov, Konstantin"]
[Result "1/2-1/2"]
[WhiteElo "2112"]
[BlackElo "1896"]
[PlyCount "103"]
[EventDate "2010.06.12"]
[EventType "swiss"]
[EventRounds "9"]
[EventCountry "RUS"]
[SourceTitle "CBM 137 Extra"]
[Source "ChessBase"]
[SourceDate "2010.09.01"]
[SourceVersion "1"]
[SourceVersionDate "2010.09.01"]
[SourceQuality "1"]

1. Nf3 Nf6 2. g3 b6 3. Bg2 Bb7 4. 0-0 e6 5. c4 Be7 6. Nc3 0-0 7. Re1 d5 8. cxd5 exd5 9. d4 Nbd7 10. Bf4 Ne4 11. Qb3 Nxc3 12. Qxc3 c5 13. dxc5 bxc5 14. Rad1 d4 15. Qc2 Nb6 16. Ng5 Bxg5 17. Bxg5 Qxg5 18. Bxb7 Rab8 19. Bg2 Rfd8 20. h4 Qe7 21. e3 Qd6 22. Be4 h6 23. Bf5 g6 24. Be4 h5 25. b3 Nd7 26. exd4 cxd4 27. Qc4 Ne5 28. Qa4 a6 29. Rd2 d3 30. Bg2 Rbc8 31. Qf4 f6 32. Be4 Kg7 33. Red1 Qb4 34. Qe3 Rd4 35. Bg2 Rcd8 36. Rc1 R8d7 37. Rc8 Re7 38. a3 Qb6 39. Rd1 Ng4 40. Qf3 d2 41. Qa8 Qe6 42. Bf1 Qxb3 43. Rh8 Qf7 44. Rd8 Rxd8 45. Qxd8 Rd7 46. Qa5 Rd5 47. Qxa6 Qe7 48. Qe2 Qxa3 49. Rxd2 Rxd2 50. Qxd2 Ne5 51. Be2 Qe7 52. Qe3 1/2-1/2

[Event "Voronezh op-B 14th"]
[Site "Voronezh"]
[Date "2010.06.14"]
[Round "3"]
[White "Ioffe, Evgeny"]
[Black "Purtov, Konstantin"]
[Result "0-1"]
[WhiteElo "2077"]
[BlackElo "1896"]
[PlyCount "116"]
[EventDate "2010.06.12"]
[EventType "swiss"]
[EventRounds "9"]
[EventCountry "RUS"]
[SourceTitle "CBM 137 Extra"]
[Source "ChessBase"]
[SourceDate "2010.09.01"]
[SourceVersion "1"]
[SourceVersionDate "2010.09.01"]
[SourceQuality "1"]

1. e4 e5 2. Nf3 Nc6 3. Bc4 Bc5 4. c3 Nf6 5. d3 d6 6. 0-0 h6 7. Nbd2 0-0 8. Bb3 a6 9. h3 Ba7 10. Re1 Re8 11. Nf1 d5 12. Qe2 d4 13. Ng3 Be6 14. Bxe6 Rxe6 15. c4 Kh7 16. Nf5 Ng8 17. Rf1 b5 18. b3 bxc4 19. bxc4 Bc5 20. Nd2 a5 21. Nb3 Bb4 22. Rb1 Rb8 23. Bd2 a4 24. Na1 g6 25. Ng3 Re8 26. Nc2 Bxd2 27. Qxd2 Qd6 28. Rb5 Rxb5 29. cxb5 Na7 30. Qa5 Qc5 31. Qxa4 Nxb5 32. Na3 c6 33. Nc4 Nc3 34. Qa6 Qb5 35. Qa7 Re7 36. Qa3 Kg7 37. Kh2 Qb8 38. Qc5 Qb5 39. Qa3 Qb8 40. Qc5 Qb5 41. Qa3 Qb8 42. Qa5 Re8 43. a4 Nf6 44. Ra1 Nd7 45. Nf1 Re6 46. Nfd2 c5 47. Ra3 Qc8 48. Rxc3 dxc3 49. Qxc3 Qb7 50. a5 f6 51. Qa1 Ra6 52. Qa4 Kf8 53. Nb1 Nb8 54. Nc3 Qb4 55. Qa1 Kg7 56. f4 Nc6 57. fxe5 Nxe5 58. Nxe5 Rxa5 0-1

[Event "Khanty-Mansiysk Governor Cup-B 5th"]
[Site "Khanty-Mansiysk"]
[Date "2009.12.03"]
[Round "10"]
[White "Purtov, Konstantin"]
[Black "Kononenko, Igor"]
[Result "1-0"]
[WhiteElo "1816"]
[BlackElo "2078"]
[PlyCount "93"]
[EventDate "2009.11.24"]
[EventType "swiss"]
[EventRounds "11"]
[EventCountry "RUS"]
[SourceTitle "EXT 2011"]
[Source "ChessBase"]
[SourceDate "2010.11.26"]
[SourceVersion "1"]
[SourceVersionDate "2010.11.26"]
[SourceQuality "1"]

1. e4 e5 2. Nf3 d6 3. Bc4 c6 4. d4 Nd7 5. c3 Be7 6. 0-0 Ngf6 7. Re1 0-0 8. Nbd2 b5 9. Bb3 Bb7 10. Nf1 h6 11. Ng3 Re8 12. a4 a6 13. Nf5 Bf8 14. axb5 cxb5 15. d5 Rc8 16. N3h4 Kh7 17. Qf3 g6 18. Ne3 Bg7 19. g3 Rf8 20. Bc2 Nh5 21. Nef5 Qf6 22. Qg4 Nb6 23. Nxg7 Qxg7 24. Qh3 b4 25. Bd1 Nf6 26. cxb4 Rc4 27. Bf3 Rxb4 28. g4 Bc8 29. Qg2 Nfd7 30. Rb1 Nc4 31. b3 Ncb6 32. Ba3 Rb5 33. Bxd6 Qf6 34. Bxf8 Qxh4 35. Ba3 Ra5 36. Bb4 Ra2 37. Re2 Rxe2 38. Bxe2 Nf6 39. Be7 Qg5 40. Rd1 Nbd7 41. Bf3 Kg7 42. Qg3 Nxe4 43. Bxg5 Nxg3 44. hxg3 hxg5 45. Rc1 Nf6 46. Rxc8 e4 47. Bg2 1-0

[Event "RUS-ch U12"]
[Site "Dagomys"]
[Date "2009.04.??"]
[Round "8"]
[White "Pleshakov, Anton"]
[Black "Purtov, Konstantin"]
[Result "0-1"]
[WhiteElo "1966"]
[BlackElo "1816"]
[PlyCount "86"]
[EventDate "2009.04.15"]
[EventType "swiss"]
[EventRounds "9"]
[EventCountry "RUS"]
[SourceTitle "EXT 2012"]
[Source "ChessBase"]
[SourceDate "2011.11.24"]
[SourceVersion "1"]
[SourceVersionDate "2011.11.24"]
[SourceQuality "1"]

1. e4 d6 2. d4 Nf6 3. Bd3 g6 4. Be3 Bg7 5. h3 e5 6. Nf3 0-0 7. 0-0 Nc6 8. c3 d5 9. Nxe5 dxe4 10. Nxc6 bxc6 11. Bc2 Re8 12. Nd2 h5 13. Bg5 Qd5 14. Bf4 Bb7 15. Re1 c5 16. Bb3 Qf5 17. Be3 Nd5 18. Nf1 Rad8 19. Ba4 Re6 20. dxc5 Qf6 21. Bd4 Qe7 22. Bxg7 Kxg7 23. c6 Bxc6 24. Bxc6 Rxc6 25. Qa4 Re6 26. Qd4+ Kh7 27. Rad1 c5 28. Qd2 Red6 29. Qc1 f5 30. a3 Nf4 31. Rxd6 Qxd6 32. Qe3 Nd3 33. Rd1 Qb6 34. b4 Rc8 35. Rd2 Qa6 36. Ra2 cxb4 37. cxb4 Nxb4 38. Rb2 Nd3 39. Ra2 Rc1 40. Qd2 Qc4 41. a4 Rxf1+ 42. Kxf1 Nc1+ 43. Kg1 Nxa2 0-1

[Event "RUS-ch U12"]
[Site "Dagomys"]
[Date "2009.04.??"]
[Round "6"]
[White "Purtov, Konstantin"]
[Black "Zakhartsov, Vladimir"]
[Result "0-1"]
[WhiteElo "1816"]
[BlackElo "2051"]
[PlyCount "52"]
[EventDate "2009.04.15"]
[EventType "swiss"]
[EventRounds "9"]
[EventCountry "RUS"]
[SourceTitle "EXT 2012"]
[Source "ChessBase"]
[SourceDate "2011.11.24"]
[SourceVersion "1"]
[SourceVersionDate "2011.11.24"]
[SourceQuality "1"]

1. e4 c5 2. b3 Nc6 3. Bb2 d6 4. Bb5 Bd7 5. Nf3 a6 6. Bxc6 Bxc6 7. d3 e5 8. 0-0 g6 9. Ne1 Bg7 10. f4 Ne7 11. Nf3 Qc7 12. Ng5 h6 13. fxe5 hxg5 14. exd6 Qxd6 15. Bxg7 Qxh2+ 16. Kf2 Rh4 17. Qe2 0-0-0 18. Nd2 Nf5 19. exf5 Qxg2+ 20. Ke1 Re8 21. Ne4 Bxe4 22. Rf2 Qg3 23. Kd2 Bc6 24. Qf1 Rh1 25. fxg6 Rxf1 26. Raxf1 fxg6 0-1